Detalles MARC
| 000 -LIDER |
| fixed length control field |
02115nam a22003257a 4500 |
| 001 - NÚMERO DE CONTROL |
| Identificador de número de control |
00004587 |
| 003 - IDENTIFICACDOR DE NÚMERO DE CONTROL |
| control field |
DO-SdBNP |
| 005 - DATE AND TIME OF LATEST TRANSACTION |
| control field |
20180124141729.0 |
| 007 - CAMPOS FIJOS DE DESCRIPCIÓN FÍSICA |
| fixed length control field |
00004587 |
| 008 - ELEMENTOS DE LONGITUD FIJA |
| fixed length control field |
160606b 2003 sp xxu||||| |||| 00| 0 spa d |
| 020 ## - ISBN |
| International Standard Book Number |
842771422X |
| 040 ## - FUENTE DE CATALOGACIÓN |
| Agencia que crea de manera original el registro |
BPMSU |
| Idioma de catalogación |
spa |
| Agencia que realiza la transcripción |
BPMSU |
| 041 17 - CÓDIGOS DE OBRAS TRADUCIDAS O EN VARIOS IDIOMAS |
| Código del idioma del texto/archivo de sonido o separata |
spa |
| Cód. del idioma original y/o traducciones intermedias del texto |
eng |
| 092 ## - LOCALLY ASSIGNED DEWEY DECIMAL CALL NUMBER |
| Número de clasificación |
xxxxx |
| Número de ítem (Cutter) |
xxxxx |
| 240 10 - TITULO UNIFORME |
| Título uniforme |
Assessment matters in higher education. |
| Idioma de una obra |
Español. |
| 245 10 - MENCIÓN DE TITULO |
| Título |
Evaluar en la universidad : |
| Subtítulo |
problemas y nuevos enfoques / |
| Mención de responsabilidad |
editor ; Sally Brown y Angela Glasner |
| 260 ## - PUBLICACIÓN, DISTRIBUCIÓN, ETC. (PIE DE IMPRENTA) |
| Lugar de publicación, distribución, etc |
Madrid : |
| Nombre del editor, distribuidor, etc. |
Narcea, |
| Fecha de publicación, distribución, etc |
2003. |
| 300 ## - DESCRIPCIÓN FÍSICA |
| Extensión |
225 p. ; |
| Dimensiones |
23 cm. |
| 490 1# - MENCIÓN DE SERIES |
| Mención de serie |
Universitaria. |
| 500 ## - NOTA GENERAL |
| Nota general |
<br/> |
| 504 ## - NOTA DE BIBLIOGRAFÍA, ETC. |
| Bibliography, etc |
Bibliografía : p. 223-225 |
| 505 0# - NOTA DE CONTENIDO |
| Texto normalizado de contenido |
<br/>Estrategias institucionales en evaluación / Sally Brown / - Innovaciones en la evaluación del estudiante : un sistema de amplia perspectiva / Angela Glasner / - Evaluación y valoración : una aproximación sistemática / Dary Edwin / - Uso estratégico de la educación en el aprendizaje / Grahan Gibbs / - ¿Por qué evaluar de un modo innovador? Phil Race / - La experiencia en la evaluación innovadora / Liz McDowell / - Calidad y objetividad en la corrección del trabajo escrito / Neil D. Fleming / - Aplicaciones práctica de una evaluación práctica / Sally Brown / - Evaluación de la habilidades básicas / Garth Rhodes / - Uso del portafolios en la formación del profesorado y en las ciencias de la salud / Gill Young / - Evaluación en grupo fomentar un aprendizaje de calidad / Mike Heathfield / - Dimensiones y enfoques de la evaluación oral / Gordon Joughin / - La autoevaluación y la evaluación por los compañeros / Angela Brew / - Evaluación realizada por los compañeros : motivaciones, reflexión y perspectivas de futuro / Andy Lapaham y Ray Webster - Caso práctico: primera evaluación por los compañeros y su autoevaluación / Paul Roach. |
| 700 12 - ASIENTO SECUNDARIO -- NOMBRE PERSONAL |
| Nombre personal |
Brown, Sally, |
| Mención de responsabilidad |
edt. |
| 700 12 - ASIENTO SECUNDARIO -- NOMBRE PERSONAL |
| Nombre personal |
Glasner, Angela, |
| Mención de responsabilidad |
edt. |
| 700 12 - ASIENTO SECUNDARIO -- NOMBRE PERSONAL |
| Nombre personal |
Callizo, Miguel |
| Mención de responsabilidad |
tr. |
| 830 #0 - ASIENTO SECUNDARIO DE SERIE--TÍTULO UNIFORME |
| Nombre de la parte o sección de una obra |
Universitaria |
| 942 ## - ADDED ENTRY ELEMENTS (KOHA) |
| Source of classification or shelving scheme |
Dewey Decimal Classification |
| Koha item type |
Libros |
| 945 ## - INFORMACIÓN DE PROCESAMIENTO LOCAL |
| Información de procesamiento local |
Inventariado, 2018 / YL |
| 956 ## - LOCAL ELECTRONIC LOCATION AND ACCESS (OCLC) |
| Nombre de host |
LPEREZ |
| Número de acceso |
10 |
| Información de compresión |
BPMSU |